000 00753cam a2200265 i 4500
001 768714001
003 CO-MdFUSB
005 20240622124719.0
007 ta
008 240622t1958 -us||||| |||| 00| 0 eng d
040 _cCO-MdFUSB
041 0 _aeng
082 0 4 _224
_aG 234.8
_bC8861p
100 1 _aWarfield, Benjamín Breckinridge (1851-1921)
_eautor
245 1 0 _aPerfectionism
_c/ Benjamin Breckinridge Warfield
264 1 _bPresbyterian and Reformed Publishing Company,
_aPhiladelphia, PA., USA :
_c[1958]
264 4 _c©1958
300 _a464 Pag
336 _atexto
_btxt
_2rdacontent
337 _2rdamedia
_asin mediación
_bn
338 _2rdacarrier
_avolumen
_bnc
653 _aSantificación
942 _cBK
945 _aMiguel
999 _c34953
_d34953